| 000 | 01337pam a2200361 a 4500 | ||
|---|---|---|---|
| 999 |
_c532457 _d532457 |
||
| 001 | 4945514 | ||
| 003 | NUST | ||
| 005 | 20191121105116.0 | ||
| 008 | 960913s1997 nyua 001 0 eng | ||
| 010 | _a 96036592 | ||
| 020 | _a0824798007 (hardcover : alk. paper) | ||
| 038 | _aMSOHAIL | ||
| 040 |
_aDLC _cDLC _dDLC |
||
| 050 | 0 | 0 |
_aTA177.4 _b.C57 1997 |
| 082 | 0 | 0 |
_a658.1552 _220 |
| 100 | 1 |
_aClark, Forrest D., _d1923- _925986 |
|
| 245 | 1 | 0 |
_aApplied cost engineering / _cForrest D. Clark, A.B. Lorenzoni ; with contributions by Michael Jimenez. |
| 250 | _a3rd ed. | ||
| 260 |
_aNew York : _bMarcel Dekker, _cc1997. |
||
| 300 |
_axiii, 419 p. : _bill. ; _c24 cm. |
||
| 490 | 1 |
_aCost engineering ; _v28 |
|
| 500 | _aIncludes index. | ||
| 650 | 0 |
_aEngineering economy. _925987 |
|
| 650 | 0 |
_aCost control. _925988 |
|
| 650 | 0 |
_aEngineering _xEstimates. _925989 |
|
| 700 | 1 |
_aLorenzoni, A. B., _d1928- _925990 |
|
| 700 | 1 |
_aJimenez, Michael. _925991 |
|
| 830 | 0 |
_aCost engineering (Marcel Dekker, Inc.) ; _v28. _925992 |
|
| 856 | 4 | 2 |
_3Publisher description _uhttp://www.loc.gov/catdir/enhancements/fy0647/96036592-d.html |
| 906 |
_a7 _bcbc _corignew _d1 _eocip _f19 _gy-gencatlg |
||
| 942 |
_2ddc _cBK |
||